[Event "Moscow Open RSSU Cup 2019"]
[Site "Moscow"]
[Date "2019.01.30"]
[Round "5"]
[White "Nikitenko, Mihail"]
[Black "Korneev, Oleg"]
[Result "0-1"]
[WhiteElo "2402"]
[BlackElo "2545"]
[Annotator "RC"]
[PlyCount "96"]
[EventDate "2019.01.26"]
[EventType "swiss"]
[EventCountry "RUS"]
[SourceTitle "playchess.com"]
[Source "ChessBase"]
[SourceQuality "1"]
[TimeControl "40/5400+30:1800+30"]

1. c4 {[%emt 0:00:00]} e5 {[%emt 0:07:44]} 2. g3 {[%emt 0:00:11]} Nc6 {[%emt 0:04:32]} 3. Nc3 {[%emt 0:00:24]} Bc5 {[%emt 0:00:06]} 4. Bg2 {[%emt 0:00:20]} d6 {[%emt 0:00:03]} 5. Nf3 {[%emt 0:01:42]} a6 {[%emt 0:00:24]} 6. d3 {[%emt 0:00:23]} Nf6 {[%emt 0:00:13]} 7. O-O {[%emt 0:00:12]} h6 {[%emt 0:00:15]} 8. a3 {[%emt 0:01:38]} O-O {[%emt 0:00:11]} 9. b4 {[%emt 0:00:06]} Ba7 {[%emt 0:00:02]} 10. Bb2 {[%emt 0:00:11]} Nd4 {[%emt 0:00:01]} 11. Ne1 {[%emt 0:00:48]} c6 {[%emt 0:00:49]} 12. e3 {[%emt 0:01:21]} Bg4 {[%emt 0:05:26]} 13. f3 {[%emt 0:12:18]} Nf5 {[%emt 0:02:42]} 14. fxg4 {[%emt 0:00:14]} Nxe3 {[%emt 0:00:06]} 15. Qe2 {[%emt 0:00:17]} Nfxg4 {[%emt 0:03:56]} 16. Kh1 {[%emt 0:01:53]} Nxf1 {[%emt 0:04:44]} 17. Qxg4 {[%emt 0:02:48]} Ne3 {[%emt 0:00:39]} 18. Qe2 {[%emt 0:01:18]} Nxg2 {[%emt 0:04:12]} 19. Nxg2 {[%emt 0:01:17]} Bd4 {[%emt 0:07:35]} 20. Nh4 {[%emt 0:08:46]} Qd7 {[%emt 0:06:06]} 21. Rf1 {[%emt 0:00:14]} f5 {[%emt 0:06:06]} 22. Nf3 {[%emt 0:11:24]} Rae8 {[%emt 0:00:26]} 23. Qg2 {[%emt 0:00:44]} Bxc3 {[%emt 0:06:07]} 24. Bxc3 {[%emt 0:00:04]} e4 {[%emt 0:00:02]} 25. Nh4 {[%emt 0:24:37]} Qe6 {[%emt 0:10:33]} 26. g4 {[%emt 0:02:04]} fxg4 {[%emt 0:03:02]} 27. Rxf8+ {[%emt 0:01:56]} Rxf8 {[%emt 0:02:05]} 28. Qxe4 {[%emt 0:01:39]} Qf7 {[%emt 0:05:47]} 29. Bd4 {[%emt 0:01:37]} h5 {[%emt 0:07:37]} 30. c5 dxc5 {[%emt 0:04:52]} 31. Bxc5 {[%emt 0:07:44]} Re8 {[%emt 0:00:44]} 32. Qf5 {[%emt 0:01:36]} Re1+ {[%emt 0:00:23]} 33. Kg2 {[%emt 0:01:33]} Re2+ {[%emt 0:01:44]} 34. Kh1 {[%emt 0:00:08]} Re1+ {[%emt 0:01:12]} 35. Kg2 {[%emt 0:00:02]} Re2+ {[%emt 0:00:04]} 36. Kh1 {[%emt 0:00:02]} Ra2 {[%emt 0:02:54]} 37. Qxf7+ {[%emt 0:08:37]} Kxf7 {[%emt 0:00:03]} 38. Nf5 {[%emt 0:00:04]} Rxa3 {[%emt 0:00:11]} 39. d4 {[%emt 0:05:48]} g6 {[%emt 0:00:19]} 40. Nd6+ {[%emt 0:00:00]} Ke6 {[%emt 0:00:00]} 41. Nxb7 {[%emt 0:00:38]} h4 {[%emt 0:00:34]} 42. Bd6 {[%emt 0:11:21]} Kd5 {[%emt 0:02:07]} 43. Be5 {[%emt 0:00:09]} Ke4 {[%emt 0:01:55]} 44. Kg2 {[%emt 0:00:55]} Ra2+ {[%emt 0:02:55]} 45. Kf1 {[%emt 0:00:03]} Kf3 {[%emt 0:00:32]} 46. Ke1 {[%emt 0:00:02]} g3 {[%emt 0:00:38]} 47. Bxg3 {[%emt 0:00:04]} hxg3 {[%emt 0:00:15]} 48. hxg3 {[%emt 0:00:03]} Ke3 {[%emt 0:00:22]} 0-1

[Event "Moscow Open RSSU Cup 2019"]
[Site "Moscow"]
[Date "2019.01.30"]
[Round "5"]
[White "Dvalishvili, Pavel S."]
[Black "Drygalov, Andrey"]
[Result "0-1"]
[WhiteElo "2396"]
[BlackElo "2485"]
[Annotator "TA"]
[PlyCount "60"]
[EventDate "2019.01.26"]
[EventType "swiss"]
[EventCountry "RUS"]
[SourceTitle "playchess.com"]
[Source "ChessBase"]
[SourceQuality "1"]

{[%evp 15,60,14,4,11,25,6,24,0,17,17,25,18,27,19,14,0,0,-26,0,0,30,25,31,29,34,-115,-117,-140,-121,-91,-95,-98,-83,-166,-146,-231,-249,-248,-111,-99,-111,-120,-101,-117,-103,-181,-163]} 1. e4 c5 2. Nf3 d6 3. Bb5+ Nd7 4. c3 Ngf6 5. Qe2 a6 6. Ba4 e6 $146 ({Predecessor:} 6... b5 7. Bc2 Bb7 8. d4 e6 {½-½ (54) Erenburg,S (2564)-Zherebukh,Y (2636) chess.com INT 2018}) 7. O-O b5 8. Bc2 Bb7 9. d4 {B51: Sicilian: Moscow Variation (3 Bb5+) without 3...Bd7} Be7 10. Re1 O-O 11. Bg5 {White has an edge.} e5 ({Predecessor:} 11... Qc7 12. Bd3 h6 13. Bh4 e5 14. Nbd2 Rfe8 15. a4 {½-½ (54) Erenburg,S (2564)-Zherebukh,Y (2636) chess.com INT 2018}) 12. dxe5 dxe5 13. c4 b4 14. Nbd2 Nh5 15. Be3 Qc7 16. g3 Rfd8 17. Nf1 Nf8 18. Bc1 Nf6 19. Ne3 Nxe4 20. Nf5 (20. Nd5 $1 $14 Bxd5 21. cxd5) 20... Nd6 $1 $36 {[%mdl 2048] Black is really pushing.} 21. Nxe7+ Qxe7 22. Nxe5 Re8 {And now ...f6 would win.} 23. Qf1 Ng6 24. Bxg6 (24. f4 $17 {was called for.}) 24... hxg6 $19 25. Bf4 {[#]} (25. b3 $17) 25... Nf5 $1 26. Nd3 {[#]} Qf8 (26... Qf6 $1 $19 {and Black stays clearly on top.} 27. Nxc5 Bc6) 27. Be3 $17 Nxe3 28. fxe3 Qd6 29. Nf4 Qe5 30. Qf2 (30. Nd3 $17 Qd6 31. Nf4) 30... g5 {Accuracy: White = 49%, Black = 56%.} 0-1

[Event "Moscow Open RSSU Cup 2019"]
[Site "Moscow"]
[Date "2019.01.30"]
[Round "5"]
[White "Pogosyan, Stefan"]
[Black "Golubov, Saveliy"]
[Result "1/2-1/2"]
[WhiteElo "2382"]
[BlackElo "2482"]
[Annotator "RC"]
[PlyCount "85"]
[EventDate "2019.01.26"]
[EventType "swiss"]
[EventCountry "RUS"]
[SourceTitle "playchess.com"]
[Source "ChessBase"]
[SourceQuality "1"]
[TimeControl "40/5400+30:1800+30"]

1. d4 {[%emt 0:00:00]} f5 {[%emt 0:07:19]} 2. c4 {[%emt 0:00:00]} Nf6 {[%emt 0:00:10]} 3. Nc3 {[%emt 0:00:00]} g6 {[%emt 0:00:09]} 4. g3 {[%emt 0:00:00]} Bg7 {[%emt 0:00:09]} 5. Bg2 {[%emt 0:00:04]} O-O {[%emt 0:00:17]} 6. Nf3 {[%emt 0:00:03]} d6 {[%emt 0:00:53]} 7. O-O {[%emt 0:00:09]} c6 {[%emt 0:00:15]} 8. d5 {[%emt 0:00:08]} e5 {[%emt 0:02:48]} 9. dxe6 {[%emt 0:00:07]} Bxe6 {[%emt 0:00:39]} 10. b3 {[%emt 0:00:05]} Na6 {[%emt 0:03:21]} 11. Bb2 {[%emt 0:00:41]} Kh8 {[%emt 0:05:24]} 12. Qc2 {[%emt 0:00:40]} Qc7 {[%emt 0:01:41]} 13. Rad1 {[%emt 0:01:06]} Rad8 {[%emt 0:00:08]} 14. Nd4 {[%emt 0:04:49]} Bg8 {[%emt 0:01:21]} 15. e4 fxe4 {[%emt 0:03:53]} 16. Nxe4 {[%emt 0:02:41]} Nxe4 {[%emt 0:00:11]} 17. Bxe4 Nb4 {[%emt 0:07:54]} 18. Qd2 {[%emt 0:06:04]} d5 {[%emt 0:02:32]} 19. cxd5 {[%emt 0:15:13]} Nxd5 20. Rfe1 {[%emt 0:04:34]} Nf6 {[%emt 0:18:19]} 21. Bg2 Rfe8 22. Qc2 {[%emt 0:08:55]} Rxe1+ {[%emt 0:13:33]} 23. Rxe1 {[%emt 0:00:51]} Re8 24. Rxe8 {[%emt 0:03:23]} Nxe8 {[%emt 0:00:47]} 25. h4 {[%emt 0:00:07]} Qd7 {[%emt 0:02:24]} 26. Ne2 {[%emt 0:02:26]} Bxb2 {[%emt 0:02:42]} 27. Qxb2+ {[%emt 0:00:10]} Qg7 {[%emt 0:00:06]} 28. Qd2 {[%emt 0:01:51]} Qa1+ {[%emt 0:00:35]} 29. Kh2 {[%emt 0:00:17]} Nf6 {[%emt 0:00:16]} 30. Nf4 {[%emt 0:01:28]} Qe5 {[%emt 0:09:46]} 31. Bf3 {[%emt 0:01:09]} Nd5 {[%emt 0:04:07]} 32. Nxd5 {[%emt 0:13:51]} Bxd5 {[%emt 0:00:23]} 33. Bxd5 {[%emt 0:00:28]} cxd5 {[%emt 0:00:08]} 34. Qa5 {[%emt 0:00:18]} Qd4 {[%emt 0:10:08]} 35. Kg1 {[%emt 0:00:33]} Qd1+ {[%emt 0:01:15]} 36. Kg2 {[%emt 0:00:07]} d4 {[%emt 0:00:05]} 37. Qxa7 d3 {[%emt 0:00:07]} 38. Qa8+ {[%emt 0:02:54]} Kg7 {[%emt 0:00:03]} 39. Qxb7+ {[%emt 0:00:11]} Kg8 {[%emt 0:00:22]} 40. Qd5+ {[%emt 0:00:00]} Kg7 {[%emt 0:00:00]} 41. Qb7+ {[%emt 0:06:45]} Kg8 {[%emt 0:01:39]} 42. Qd5+ {[%emt 0:00:08]} Kg7 {[%emt 0:00:11]} 43. Qb7+ {[%emt 0:00:02]} 1/2-1/2

[Event "Moscow Open RSSU Cup 2019"]
[Site "Moscow"]
[Date "2019.01.31"]
[Round "6"]
[White "Lysyj, Igor"]
[Black "Agmanov, Zhandos"]
[Result "1-0"]
[WhiteElo "2633"]
[BlackElo "2405"]
[Annotator "TA"]
[PlyCount "75"]
[EventDate "2019.01.26"]
[EventType "swiss"]
[EventCountry "RUS"]
[SourceTitle "playchess.com"]
[Source "ChessBase"]
[SourceQuality "1"]

{[%evp 21,75,47,49,39,58,43,29,40,35,16,50,44,56,55,62,39,56,36,47,29,43,29,51,27,54,0,41,15,36,0,0,0,14,11,19,0,20,0,16,16,16,21,42,37,79,45,41,43,42,26,58,47,247,245,713,706]} 1. Nf3 d5 2. d4 Nf6 3. g3 e6 4. Bg2 c5 5. c4 Nc6 6. O-O cxd4 7. Nxd4 Be7 8. cxd5 exd5 9. Nc3 O-O 10. Bf4 a6 11. Rc1 Re8 {LiveBook: 3 Games. D34: Tarrasch Defence: 6 g3 Nf6 7 Bg2 Be7} 12. Qd3 (12. Nxc6 bxc6 13. Na4 Qa5 14. a3 Bd7 15. Qd4 Qb5 16. Rfe1 Bf8 17. e3 Ne4 {1-0 (52) Moiseenko,A (2668)-Gabrielian,A (2524) Dagomys 2010}) 12... Bb4 $146 ({Predecessor:} 12... Qb6 13. Rfd1 Be6 14. Nxe6 fxe6 15. e4 d4 16. e5 dxc3 17. exf6 Bxf6 18. bxc3 {1-0 (49) Ronat,O (2187)-Salonen,J (1964) ICCF email 2012}) 13. a3 {Nxc6 is the strong threat.} Bxc3 {White is slightly better.} 14. Nxc6 bxc6 15. Rxc3 Bg4 16. Rfc1 Bd7 17. R3c2 Ne4 18. Qd4 Qe7 19. h4 h6 20. Bc7 Qe6 21. Bb6 Qf5 22. Qd3 Qg6 23. Bd4 (23. b4 $14) 23... Rec8 24. Qf3 Bf5 25. h5 Qe6 $1 26. Qe3 Qd7 27. g4 Bh7 28. Qf4 Ng5 $1 {[%cal Rg5e6] Threatens to win with ...Ne6.} 29. Rd2 $40 {[%mdl 128] White mounts an attack.} Ne6 (29... a5 {is more complex.} 30. Qg3 Rab8 31. e3 f6 32. Bc3 Qa7) 30. Qg3 Nxd4 31. Rxd4 Qe7 32. e3 Qf6 33. Rc5 a5 34. Qf4 Qe7 35. Rc3 Qb7 36. Rd2 Re8 $2 {[#]} (36... Kh8 $14) 37. Bxd5 $1 $18 {[%mdl 512]} Rad8 $2 (37... Rac8) (37... cxd5 38. Rc7) 38. Bxc6 {Precision: White = 53%, Black = 29%.} 1-0

[Event "Moscow Open RSSU Cup 2019"]
[Site "Moscow"]
[Date "2019.01.31"]
[Round "6"]
[White "Grachev, Boris"]
[Black "Soumya, Swaminathan"]
[Result "1-0"]
[WhiteElo "2626"]
[BlackElo "2416"]
[Annotator "TA"]
[PlyCount "71"]
[EventDate "2019.01.26"]
[EventType "swiss"]
[EventCountry "RUS"]
[SourceTitle "playchess.com"]
[Source "ChessBase"]
[SourceQuality "1"]

{[%evp 17,71,-15,-8,-11,-10,-27,-8,-29,-5,-15,47,47,62,56,60,52,72,60,53,64,69,71,78,78,66,58,82,69,131,133,128,130,122,136,128,124,129,127,133,93,93,97,93,80,134,94,90,47,122,122,122,112,506,514,496,500]} 1. Nf3 Nf6 $146 (1... c5 2. c4 Nf6 3. Nc3 d5 4. cxd5 Nxd5 5. g3 Nc6 6. Bg2 g6 7. d3 Bg7 8. Bd2 {½-½ (27) Nisipeanu,L (2683)-Vachier Lagrave,M (2791) Dortmund 2017}) ({Predecessor:} 1... c5 2. c4 Nc6 3. Nc3 Nf6 4. g3 d5 5. cxd5 Nxd5 6. Bg2 g6 7. d3 Bg7 8. Bd2 {½-½ (79) Beliavsky,A (2690)-Krasenkow,M (2660) Madrid 1998}) 2. c4 g6 3. Nc3 d5 4. cxd5 Nxd5 5. d3 Bg7 6. Bd2 O-O 7. g3 c5 8. Bg2 Nc6 9. O-O b6 10. d4 {A38: Symmetrical English vs ...g6: 4 Bg2 Bg7 5 Nf3 Nf6} cxd4 11. Nxd4 (11. Nxd5 Qxd5 12. Nxd4 Qxd4 13. Bxc6 Bh3 14. Bc3 Qxd1 15. Rfxd1 Rad8 16. Bxg7 Kxg7 17. Bd5 Kf6 {½-½ (27) Nisipeanu,L (2683)-Vachier Lagrave,M (2791) Dortmund 2017}) 11... Nxd4 12. Nxd5 {The position is equal.} Ba6 ({Predecessor:} 12... Bg4 13. Re1 Rc8 14. Bc3 e5 15. Qd3 Bf5 16. e4 Qxd5 17. exf5 Qc4 18. Qxc4 Rxc4 19. fxg6 hxg6 {½-½ (79) Beliavsky,A (2690)-Krasenkow,M (2660) Madrid 1998}) 13. Re1 $1 Rc8 (13... Bb7 $11 14. Nf6+ {[%mdl 64] Discovered Attack} Bxf6 15. Bxb7 Rb8) 14. Bc3 $1 $14 {[%cal Rc3d4]} Ne6 15. Qa4 Nc5 16. Qa3 {aiming for Bxg7.} Bb7 17. Bxg7 Kxg7 18. Red1 Bxd5 19. Bxd5 Qc7 {[#]} 20. b4 $1 $36 {[%cal Rb4c5][%mdl 2048] White is on the roll.} Nd7 21. Rac1 Qe5 22. Bc6 Nf6 (22... Nb8 $14 23. Bf3 a6) 23. Qxa7 $16 Qxe2 {Hoping for ...Rxc6!} 24. b5 Rb8 25. Re1 Qb2 {next ...Ng4 is good for Black.} 26. Rb1 Qc2 27. Qxe7 Qxa2 28. Qe5 Rbd8 29. Ra1 Qd2 30. Re2 Qb4 ({Better is} 30... Qd6) 31. Re4 Qd6 32. Ra7 Kg8 (32... Qxe5 $14 33. Rxe5 Ne8) 33. Qxd6 Rxd6 34. Re2 Nd5 $2 {[%mdl 8192]} (34... Rd1+ $16 35. Kg2 Nd5) 35. Rd2 $18 Rfd8 {[#]} 36. Ra8 $1 {Accuracy: White = 86%, Black = 46%.} 1-0

[Event "Moscow Open RSSU Cup 2019"]
[Site "Moscow"]
[Date "2019.01.31"]
[Round "6"]
[White "Kryakvin, Dmitry"]
[Black "Savitskiy, Sergey"]
[Result "1-0"]
[WhiteElo "2588"]
[BlackElo "2411"]
[Annotator "TA"]
[PlyCount "59"]
[EventDate "2019.01.26"]
[EventType "swiss"]
[EventCountry "RUS"]
[SourceTitle "playchess.com"]
[Source "ChessBase"]
[SourceQuality "1"]

{[%evp 9,59,6,16,0,22,33,65,73,72,56,58,62,58,39,55,35,38,39,48,0,29,12,36,29,70,25,103,88,126,92,115,126,118,116,137,132,165,152,168,157,281,271,270,262,264,251,259,264,251,256,284,166]} 1. d4 d5 2. Nf3 $146 (2. c4 dxc4 3. Nf3 {1-0 (67) Fedoseev,V (2719)-Predke,A (2622) St Petersburg 2018}) ({Predecessor:} 2. c4 dxc4 3. Nf3 {1-0 (40) Bagirov,V-Shianovsky,V Almaty 1963}) 2... Nf6 3. c4 dxc4 4. Qa4+ Nbd7 5. Nc3 c6 (5... a6 6. e4 e6 7. Bxc4 Rb8 8. Qc2 b5 9. Bd3 Bb7 10. Bg5 h6 11. Bh4 Be7 12. Rd1 O-O 13. O-O Rc8 14. Rfe1 Re8 15. a3 c5 16. dxc5 Rxc5 {1-0 (67) Fedoseev,V (2719)-Predke,A (2622) St Petersburg 2018}) 6. Qxc4 {D23: Queen's Gambit Accepted: 3 Nf3 Nf6 sidelines} Nb6 7. Qd3 g6 8. e4 {White is slightly better.} Bg7 9. Be2 O-O 10. O-O Ne8 11. Rd1 ({Predecessor:} 11. Bf4 f5 12. Qd2 Nd6 13. exf5 Nxf5 {1-0 (40) Bagirov,V-Shianovsky,V Almaty 1963}) 11... f5 12. Qc2 fxe4 13. Nxe4 Nd5 14. Qb3 a5 15. Nc5 $36 {[%mdl 2048] White has good play.} Ra7 16. Ne5 Nec7 17. Bf3 Qe8 (17... Ne6 $11 {keeps the balance.} 18. Na4 Ra6) 18. Bg5 Kh8 19. Rac1 Ne6 20. Nxe6 Bxe6 21. Re1 Rf5 {[#]} 22. h4 $1 a4 23. Qa3 Bxe5 24. dxe5 ({Much less strong is} 24. Rxe5 $6 Rxe5 25. dxe5 b5 $16) 24... Rf7 {[#]} (24... b6 $16 {was necessary.} 25. Re4 c5) 25. Bxd5 $1 $18 {White has a decisive advantage.} cxd5 26. Rc7 Ra8 27. Bxe7 Rc8 28. Rxb7 Kg8 29. Qd6 Qc6 30. Rb8 {Accuracy: White = 58%, Black = 37%.} (30. Ra7 $142) 1-0

[Event "Moscow Open RSSU Cup 2019"]
[Site "Moscow"]
[Date "2019.01.31"]
[Round "6"]
[White "Savchenko, Boris"]
[Black "Kozionov, Kirill"]
[Result "1-0"]
[WhiteElo "2562"]
[BlackElo "2460"]
[Annotator "TA"]
[PlyCount "51"]
[EventDate "2019.01.26"]
[EventType "swiss"]
[EventCountry "RUS"]
[SourceTitle "playchess.com"]
[Source "ChessBase"]
[SourceQuality "1"]

{[%evp 14,51,0,0,0,0,0,0,16,0,0,-11,-16,-22,-3,-10,0,0,0,0,0,-5,-7,0,0,0,0,0,84,68,302,302,325,325,340,315,410,405,399,391]} 1. d4 Nf6 2. c4 e6 (2... c5 3. Nf3 cxd4 4. Nxd4 e6 {½-½ (23) Khismatullin,D (2639)-Smirin,I (2670) Moscow 2017}) 3. g3 c5 4. Nf3 cxd4 $146 ({Predecessor:} 4... a6 5. Bg2 cxd4 6. Nxd4 Qc7 {½-½ (20) Krishna,C (2411)-Kulkarni,V (2278) Mumbai 2016}) 5. Nxd4 a6 6. Nc3 (6. Bg2 Qc7 {½-½ (23) Khismatullin,D (2639)-Smirin,I (2670) Moscow 2017}) 6... Qc7 7. Bg2 Qxc4 8. Bf4 {aiming for Rc1.} Nc6 {A32: Symmetrical English: 2 Nf3 Nf6 3 d4 cxd4 4 Nxd4 e6} 9. Nb3 Be7 (9... d5 10. Rc1 Qb4 11. O-O Be7 12. e4 dxe4 13. Bc7 Nd5 14. a3 Nxc3 15. Rxc3 Qb5 16. Bxe4 O-O 17. Re1 a5 18. Qc2 Qh5 19. Bf3 Qh3 20. Bg2 Qh5 21. Bf3 Qh3 22. Bg2 Qh5 23. Rc4 {½-½ (23) Khismatullin,D (2639)-Smirin,I (2670) Moscow 2017}) 10. Rc1 {Threatening a3.} Qb4 {The position is equal.} 11. Bc7 {e4 is the strong threat.} d5 ({Predecessor:} 11... Qg4 12. h3 Qg6 13. Na4 Bd8 14. Bxd8 Kxd8 15. Nb6 Rb8 16. Qd6 Ne8 17. Qa3 Qg5 18. O-O Qb5 19. Nxc8 Rxc8 20. Rfd1 Rc7 {½-½ (20) Krishna,C (2411)-Kulkarni,V (2278) Mumbai 2016}) 12. e4 Nxe4 13. Bxe4 dxe4 14. O-O $1 Qc4 15. Re1 Qd3 $1 16. Na4 {[#] Black must now prevent Nb6.} Bd8 $1 {[%cal Rd8c7]} 17. Nb6 $132 {[%mdl 2048] White is fighting back} Bxc7 18. Nxa8 Bd8 19. Nc5 Qxd1 20. Rexd1 f5 (20... e5 $11) 21. Nxa6 $1 $16 Bf6 $2 {[#]} (21... O-O $1 $14) 22. Nb6 $18 O-O 23. b4 Nd4 24. Rxc8 Rxc8 25. Nxc8 bxa6 26. a4 {Accuracy: White = 83%, Black = 58%.} 1-0

[Event "Moscow Open RSSU Cup 2019"]
[Site "Moscow"]
[Date "2019.01.31"]
[Round "6"]
[White "Mozharov, Mikhail"]
[Black "Ponkratov, Pavel"]
[Result "1/2-1/2"]
[WhiteElo "2549"]
[BlackElo "2630"]
[Annotator "RC"]
[PlyCount "81"]
[EventDate "2019.01.26"]
[EventType "swiss"]
[EventCountry "RUS"]
[SourceTitle "playchess.com"]
[Source "ChessBase"]
[SourceQuality "1"]
[TimeControl "40/5400+30:1800+30"]

1. Nf3 {[%emt 0:01:24]} Nf6 {[%emt 0:12:18]} 2. c4 {[%emt 0:00:38]} b6 {[%emt 0:00:15]} 3. g3 {[%emt 0:01:23]} Bb7 {[%emt 0:00:05]} 4. Bg2 {[%emt 0:00:04]} e6 {[%emt 0:00:03]} 5. O-O {[%emt 0:00:34]} Be7 {[%emt 0:00:02]} 6. d4 {[%emt 0:02:02]} O-O {[%emt 0:00:05]} 7. Re1 {[%emt 0:03:54]} d5 {[%emt 0:01:47]} 8. cxd5 {[%emt 0:00:11]} exd5 {[%emt 0:00:05]} 9. Nc3 {[%emt 0:00:14]} Nbd7 {[%emt 0:00:05]} 10. Bf4 {[%emt 0:01:05]} Ne4 {[%emt 0:05:21]} 11. Qb3 {[%emt 0:01:34]} Nxc3 {[%emt 0:01:42]} 12. bxc3 {[%emt 0:00:30]} c5 {[%emt 0:00:38]} 13. h4 {[%emt 0:01:26]} Nf6 {[%emt 0:19:28]} 14. a4 {[%emt 0:07:17]} Bd6 {[%emt 0:13:12]} 15. Bg5 {[%emt 0:03:16]} Bc6 {[%emt 0:23:35]} 16. Ne5 {[%emt 0:06:36]} Bxe5 {[%emt 0:00:05]} 17. dxe5 {[%emt 0:00:03]} h6 {[%emt 0:00:03]} 18. exf6 {[%emt 0:12:44]} hxg5 {[%emt 0:00:04]} 19. hxg5 {[%emt 0:06:34]} gxf6 {[%emt 0:00:05]} 20. Rad1 {[%emt 0:13:42]} fxg5 {[%emt 0:03:46]} 21. Bxd5 {[%emt 0:01:48]} Bxd5 {[%emt 0:00:05]} 22. Rxd5 {[%emt 0:00:03]} Qf6 {[%emt 0:00:05]} 23. e4 {[%emt 0:00:11]} Rad8 {[%emt 0:01:08]} 24. Rf5 {[%emt 0:00:46]} Qg6 {[%emt 0:00:06]} 25. Qc2 {[%emt 0:06:46]} Rfe8 {[%emt 0:02:36]} 26. g4 {[%emt 0:09:47]} Re6 {[%emt 0:11:44]} 27. Kg2 {[%emt 0:09:09]} Rde8 {[%emt 0:01:23]} 28. Qd3 {[%emt 0:05:51]} Re5 {[%emt 0:02:50]} 29. Rxe5 {[%emt 0:02:30]} Rxe5 {[%emt 0:00:04]} 30. Qd8+ {[%emt 0:00:06]} Kg7 {[%emt 0:00:03]} 31. f3 {[%emt 0:02:01]} Qf6 {[%emt 0:01:11]} 32. Qb8 {[%emt 0:00:19]} Qe7 {[%emt 0:01:00]} 33. Rh1 {[%emt 0:01:21]} Qe8 {[%emt 0:00:05]} 34. Qxa7 {[%emt 0:00:15]} Rxe4 {[%emt 0:00:07]} 35. fxe4 {[%emt 0:00:36]} Qxe4+ {[%emt 0:00:04]} 36. Kh2 {[%emt 0:00:05]} Qe2+ {[%emt 0:00:04]} 37. Kh3 {[%emt 0:00:10]} Qf3+ {[%emt 0:00:04]} 38. Kh2 {[%emt 0:00:03]} Qf2+ {[%emt 0:00:03]} 39. Kh3 {[%emt 0:00:03]} Qf3+ {[%emt 0:00:03]} 40. Kh2 {[%emt 0:00:00]} Qf2+ {[%emt 0:00:00]} 41. Kh3 1/2-1/2

[Event "Moscow Open RSSU Cup 2019"]
[Site "Moscow"]
[Date "2019.01.31"]
[Round "6"]
[White "Korneev, Oleg"]
[Black "Bryakin, Mikhail"]
[Result "1-0"]
[WhiteElo "2545"]
[BlackElo "2426"]
[Annotator "TA"]
[PlyCount "159"]
[EventDate "2019.01.26"]
[EventType "swiss"]
[EventCountry "RUS"]
[SourceTitle "playchess.com"]
[Source "ChessBase"]
[SourceQuality "1"]

{[%evp 11,159,9,10,8,2,-10,39,20,47,47,54,20,35,38,37,20,24,0,0,0,61,63,68,61,60,71,61,61,61,61,61,39,61,33,61,56,61,61,100,92,96,92,74,43,71,67,75,0,56,0,72,81,87,79,76,9,80,64,67,37,37,37,28,0,0,0,0,0,13,0,0,0,18,0,0,0,0,0,0,0,0,0,0,0,0,0,0,0,0,0,0,0,0,0,0,0,0,0,113,20,113,113,450,17,8,0,442,385,361,348,438,0,0,0,0,0,0,0,586,583,569,543,3383,2627,2866,2341,6629,5700,29974,29975,29976,29977,29977,29978,29979,29980,29980,29980,29980,29981,29982,29983,29983,29984,29984,29985,29989,29990,29990,29991]} 1. e4 c6 2. d4 d5 3. e5 Bf5 4. h4 h5 5. Bd3 Bxd3 6. Qxd3 e6 7. Bg5 {B12: Caro-Kann: Advance Variation} Qb6 (7... Be7 8. Nf3 Nh6 9. Nbd2 Nf5 10. Nf1 Qa5+ 11. c3 Qa6 12. Qd2 Nd7 13. Ng3 Nxg3 14. fxg3 f6 {½-½ (72) Inarkiev,E (2693)-Tomashevsky,E (2705) St Petersburg 2018}) 8. Nd2 Nh6 $146 ({Predecessor:} 8... Ne7 9. Ne2 Nd7 10. O-O {1-0 (56) Palac,M (2578)-Burovic,I (2374) Neum 2014}) 9. Ne2 {White is slightly better.} Nf5 10. O-O Nd7 11. Nf3 Be7 12. Bxe7 ({Predecessor:} 12. Ng3 g6 13. Nxf5 gxf5 14. b3 Bxg5 15. Nxg5 {1-0 (56) Palac,M (2578)-Burovic,I (2374) Neum 2014}) 12... Nxe7 13. b4 a5 14. a3 Qa6 15. Qd1 axb4 (15... Nb6 $11) 16. axb4 $14 Qxa1 17. Qxa1 Rxa1 18. Rxa1 O-O 19. Nf4 g6 20. Nd3 Rb8 21. g3 Kf8 22. c3 Ke8 23. Ng5 Nf5 24. Ra7 Nh6 25. f3 Kd8 26. Kg2 Ke7 27. Nf4 Nf5 28. Kf2 Nh6 29. Kg2 Nf5 30. Kf2 Nh6 $1 31. Nd3 f6 32. exf6+ Kxf6 33. f4 (33. Ra2 $16) 33... Ke7 (33... Nf5 $11) 34. Ra2 Nf7 35. Nxf7 Kxf7 36. Ne5+ Nxe5 37. fxe5 {[%mdl 4096] Endgame KR-KR} Kg7 38. Ke3 Rf8 39. Ra7 Rf7 40. Ra8 Rf8 41. Ra7 Rf7 42. Ra1 Rf8 43. b5 cxb5 44. Rb1 Rc8 45. Kd2 Rf8 46. Rxb5 Rf3 47. Rxb7+ Kf8 $1 48. Rb8+ Kf7 49. Rb7+ Kf8 50. Rb1 Rxg3 51. Rf1+ Kg7 52. Rf6 Rg4 53. Rxe6 Rxh4 54. Rd6 Re4 {[#]} (54... Rh2+ $11 55. Ke3 Rh3+ 56. Kd2 Rh2+ 57. Ke3 Rh3+ 58. Kf4 Rxc3) 55. Rxd5 (55. Rd7+ $1 $16 Kh6 56. Rxd5) 55... h4 (55... g5 $1 $11 {keeps the balance.}) 56. Rd7+ $16 Kh6 $2 {[%mdl 8192]} (56... Kg8 $16) 57. Rd8 $2 (57. Ra7 $18 {Hoping for Ra1.} g5 58. Ra1) 57... Kg7 $1 $11 58. Rd7+ $2 {[%mdl 8192]} (58. Rb8 $11) 58... Kh6 $18 59. Ra7 h3 {[#]} 60. Ra1 $1 Kg5 61. Kd3 $2 (61. Rh1 $18) 61... Rh4 $1 $11 62. e6 Kf6 63. d5 {Strongly threatening Rf1+.} h2 64. Rh1 Rh3+ $2 {[%mdl 8192]} (64... Ke7 $11) 65. Ke4 $18 g5 66. c4 g4 67. Kf4 g3 68. Kf3 Rh4 69. Kxg3 {[%mdl 64] Double Attack} Rxc4 70. Rxh2 {White mates.} Rd4 71. Rf2+ Ke7 72. Rf7+ Ke8 73. Rd7 Re4 74. Kf3 Rd4 75. Ke3 Rd1 76. Ke4 Re1+ 77. Kf5 Re2 78. Ra7 Kd8 79. d6 {[%cal Ra7a8]} Rf2+ 80. Kg4 {Accuracy: White = 56%, Black = 47%.} 1-0